Plán činnosti na rok 2004 /
Uložené v:
| Korporatívny autor: | |
|---|---|
| Ďalší autori: | |
| Médium: | Kniha |
| Jazyk: | Slovak |
| Vydané: |
Banská Bystrica :
Štátna vedecká knižnica,
2003
|
| Vydanie: | [1. vyd.] |
| Témy: | |
| ISBN: |
(brož.) |
| Fyzický popis: |
44 s. : tab. ; 20 cm |
| Tagy: |
Pridať tag
Žiadne tagy, Buďte prvý kto otaguje tento záznam!
|
Titul je dostupný aj v ... 

MARC
| LEADER | 00000nam a2200000 a 4500 | ||
|---|---|---|---|
| 001 | 000000752 | ||
| 005 | 20040625073708.0 | ||
| 008 | 040322s2003 xo a e 000 0 sloo | ||
| 020 | |a (brož.) | ||
| 040 | |a SVKKK |b slo |c SVKKK |e AACR2 | ||
| 041 | 0 | |a slo | |
| 044 | |a xo |c SK | ||
| 072 | 7 | |a 026/027 |x Knižnice |2 konspekt | |
| 080 | |a 027.54"2004" |2 1997 | ||
| 080 | |a (437.642) |2 1997 | ||
| 080 | |a (083.92) |2 1997 | ||
| 110 | 2 | |a Štátna vedecká knižnica (Bratislava, Slovensko) |4 aut | |
| 245 | 1 | 0 | |a Plán činnosti na rok 2004 / |c [zostavili: Lýdia Žáčiková] |
| 250 | |a [1. vyd.] | ||
| 260 | |a Banská Bystrica : |b Štátna vedecká knižnica, |c 2003 | ||
| 300 | |a 44 s. : |b tab. ; |c 20 cm | ||
| 500 | |a Údaj o zost. prevzatý z tiráže | ||
| 610 | 2 | 7 | |a Štátna vedecká knižnica (Banská Bystrica, Slovensko) |2 SVKKKA |
| 655 | 7 | |a plány |2 SVKKKPH | |
| 655 | 7 | |a výročné správy |2 SVKKKPH | |
| 700 | 1 | |a Žáčiková, Lýdia |4 com | |
| 998 | |a BK | ||
| 090 | |g SCKHL |k Sklad Pribinova 2. posch. |a III.196390 |j 960193 |i 2720021862 |s Absenčne | ||